|
|
|
|
| LEADER |
00000nam2a2200000 4500 |
| 001 |
324282 |
| 005 |
20231102003643.0 |
| 035 |
|
|
|a (RuTPU)RU\TPU\book\349880
|
| 090 |
|
|
|a 324282
|
| 100 |
|
|
|a 20161111d1967 k y0rusy50 ca
|
| 101 |
0 |
|
|a rus
|
| 102 |
|
|
|a RU
|
| 105 |
|
|
|a a z 001zy
|
| 200 |
0 |
|
|a Вып. 53 : Теория взрывчатых веществ
|e сборник статей
|f под ред. К. К. Андреева
|
| 210 |
|
|
|a Москва
|c Высшая школа
|d 1967
|
| 215 |
|
|
|a 384 с.
|c ил.
|
| 320 |
|
|
|a Библиография в конце статей
|
| 461 |
|
1 |
|0 (RuTPU)RU\TPU\book\349137
|t Труды Московского химико-технологического института им. Д. И. Менделеева
|f Московский химико-технологический институт им. Д. И. Менделеева (МХТИ)
|v Вып. 53 : Теория взрывчатых веществ
|d 1932-1989
|
| 606 |
1 |
|
|a Взрывчатые вещества
|x Химия
|2 stltpush
|3 (RuTPU)RU\TPU\subj\70740
|9 84945
|
| 610 |
1 |
|
|a теория
|
| 610 |
1 |
|
|a термическое разложение
|
| 610 |
1 |
|
|a нитроэфиры
|
| 610 |
1 |
|
|a нитросоединения
|
| 610 |
1 |
|
|a перхлорат аммония
|
| 610 |
1 |
|
|a горение
|
| 610 |
1 |
|
|a устойчивость
|
| 610 |
1 |
|
|a воспламенение
|
| 675 |
|
|
|a 544.45
|v 4
|
| 702 |
|
1 |
|a Андреев
|b К. К.
|4 340
|
| 801 |
|
1 |
|a RU
|b 63413507
|c 20161111
|
| 801 |
|
2 |
|a RU
|b 63413507
|c 20200709
|g RCR
|
| 942 |
|
|
|c BK
|